Business Statistics: For Contemporary Decision-Making (Record no. 13312)

MARC details
000 -LEADER
fixed length control field 00459nam a22001697a 4500
003 - CONTROL NUMBER IDENTIFIER
control field OSt
008 - FIXED-LENGTH DATA ELEMENTS--GENERAL INFORMATION
fixed length control field 250417b |||||||| |||| 00| 0 eng d
020 ## - INTERNATIONAL STANDARD BOOK NUMBER
International Standard Book Number 9789354640179
082 ## - DEWEY DECIMAL CLASSIFICATION NUMBER
Classification number 519.5024658 BLB
100 ## - MAIN ENTRY--PERSONAL NAME
Personal name BLACK, Ken and SINGH, Sanjeet
245 ## - TITLE STATEMENT
Title Business Statistics: For Contemporary Decision-Making
250 ## - EDITION STATEMENT
Edition statement 10th. ed.,
260 ## - PUBLICATION, DISTRIBUTION, ETC. (IMPRINT)
Place of publication, distribution, etc New Delhi,
Name of publisher, distributor, etc Wiley India Pvt. Ltd.,
Date of publication, distribution, etc 2024,
300 ## - PHYSICAL DESCRIPTION
Extent 832 p.
650 ## - SUBJECT ADDED ENTRY--TOPICAL TERM
Topical term or geographic name as entry element Commerce
942 ## - ADDED ENTRY ELEMENTS (KOHA)
Source of classification or shelving scheme Dewey Decimal Classification
Koha item type Text Books
Holdings
Withdrawn status Lost status Source of classification or shelving scheme Damaged status Not for loan Collection code Home library Current library Date acquired Source of acquisition Currency Cost, normal purchase price Bill Number Total Checkouts Full call number Acc. no. / Barcode Date last seen Actual Cost, discounted price Bill Date Koha item type
    Dewey Decimal Classification     B.Com. Hons PIET NCR College Library PIET NCR College Library 16/04/2025 Zafaa Books & Distributers In Rupees 1199.00 ZBD0047   519.5024658 BLB N3900 17/04/2025 869.28 16/04/2025 Reference Books
    Dewey Decimal Classification     B.Com. Hons PIET NCR College Library PIET NCR College Library 16/04/2025 Zafaa Books & Distributers In Rupees 1199.00 ZBD0047   519.5024658 BLB N3901 17/04/2025 869.28 16/04/2025 Text Books
    Dewey Decimal Classification     B.Com. Hons PIET NCR College Library PIET NCR College Library 16/04/2025 Zafaa Books & Distributers In Rupees 1199.00 ZBD0047   519.5024658 BLB N3902 17/04/2025 869.28 16/04/2025 Text Books
    Dewey Decimal Classification     B.Com. Hons PIET NCR College Library PIET NCR College Library 16/04/2025 Zafaa Books & Distributers In Rupees 1199.00 ZBD0047   519.5024658 BLB N3903 17/04/2025 869.28 16/04/2025 Text Books
    Dewey Decimal Classification     B.Com. Hons PIET NCR College Library PIET NCR College Library 16/04/2025 Zafaa Books & Distributers In Rupees 1199.00 ZBD0047   519.5024658 BLB N3904 17/04/2025 869.28 16/04/2025 Text Books
    Dewey Decimal Classification     B.Com. Hons PIET NCR College Library PIET NCR College Library 16/04/2025 Zafaa Books & Distributers In Rupees 1199.00 ZBD0047   519.5024658 BLB N3905 17/04/2025 869.28 16/04/2025 Text Books
    Dewey Decimal Classification     B.Com. Hons PIET NCR College Library PIET NCR College Library 16/04/2025 Zafaa Books & Distributers In Rupees 1199.00 ZBD0047   519.5024658 BLB N3906 17/04/2025 869.28 16/04/2025 Text Books

Design & Developed by: PIET Central Library
R70 Miles Stone Pattikalyana Samalkha Panipat 132102
mail ID :- [email protected], Phone No:- 0180-2569700 Ex.216